| 000 | 00690cam a2200241ua 4500 | ||
|---|---|---|---|
| 005 | 20230829144539.0 | ||
| 008 | 190801n ii |||gr||||Z||||||asm | ||
| 020 | _a9789381784051 | ||
| 040 |
_cMAIN _aIN-DiNC |
||
| 041 | _dasm | ||
| 082 |
_a370.115 _bCHA |
||
| 100 |
_aChaliha, Beda Kumar _eauthor |
||
| 245 |
_aShikshar samajtattwik vitti/ _cBy Beda Kumar Chaliha |
||
| 250 | _a9th rev. ed. | ||
| 260 |
_aJorhat: _bBidy bhawan, _c2019. |
||
| 300 | _a436p. | ||
| 650 | _aSociological foundations of education | ||
| 653 | _aEducation | ||
| 653 | _aSociological foundation of education | ||
| 700 |
_aSaikia, Tarun _eauthor |
||
| 700 |
_aSaikia, Runu Bora _eauthor |
||
| 942 |
_cBK _2ddc |
||
| 999 |
_c9931 _d9931 |
||